A gusto de los papás (Record no. 156156)

MARC details
000 -LEADER
campo de control de longitud fija 00773nam a22001815i 4500
001 - NÚMERO DE CONTROL
campo de control 156156
003 - IDENTIFICADOR DE NÚMERO DE CONTROL
campo de control ES-MaACL
005 - FECHA Y HORA DE LA ÚLTIMA TRANSACCIÓN
campo de control 20230906210332.0
008 - DATOS DE LONGITUD FIJA--INFORMACIÓN GENERAL
campo de control de longitud fija 020416s1885 sp |||| | spa d
040 ## - FUENTE DE CATALOGACIÓN
Centro catalogador/agencia de origen CAM
Lengua de catalogación spa
Centro/agencia transcriptor CAM
100 1# - ENTRADA PRINCIPAL--NOMBRE DE PERSONA
Nombre de persona Jackson Veyán, José.
9 (RLIN) 65824
245 10 - MENCIÓN DEL TÍTULO
Título A gusto de los papás
Resto del título : juguete cómico en un acto y en verso /
Mención de responsabilidad, etc. original de José Jackson Veyan.
260 ## - PUBLICACIÓN, DISTRIBUCIÓN, ETC.
Lugar de publicación, distribución, etc. Madrid :
Nombre del editor, distribuidor, etc. [s.n.],
Fecha de publicación, distribución, etc. 1885 (
Fabricante establecimiento tipográfico de M.P. Montoya y Compañía)
300 ## - DESCRIPCIÓN FÍSICA
Extensión 34 p. ;
Dimensiones 20 cm.
500 #1 - NOTA GENERAL
Nota general Estrenado el 27 de marzo de 1885, en el teatro de Eslava.
596 #1 - NOTA AL PIE DE IMPRENTA
NOTA AL PIE DE IMPRENTA En verso de port. consta: "... de la Biblioteca lírico-dramática de Enrique Arregui ..."
852 ## - LOCALIZACIÓN
Ubicación ES-MaACL
Número de control de estantería F-4094(6)
Nota libre -- Enc. hol.
condición física -- Falto de la cub. original
Holdings
Estatus retirado Estado de pérdida Estado de daño No para préstamo Colección Biblioteca de origen Biblioteca actual Ubicación en estantería Fecha de adquisición Fuente de adquisición Total de préstamos Signatura topográfica completa Código de barras Visto por última vez Precio de reemplazo Tipo de ítem Koha
        Libros del s. XIX Biblioteca del Ateneo de Madrid Biblioteca del Ateneo de Madrid Depósito 2 17/01/2008     F-4094(6) 1163368 23/02/2023 23/02/2023 Libro impreso antiguo